|
|
แสดงรายละเอียดบรรณานุกรม |
|
|
Brief Record
: Get Marc (ISO 2709)
: E-mail record
: |
|
|
| LEADER 00000nam 2200000uu 4500 | |||
| 001 213308 | |||
| 003 ULIBM | |||
| 008 020711s2565 th a 000 0 tha d | |||
| 020 9786168212684 | |||
| 041 ^atha | |||
| 060 4 WI700 ร192 2565 | |||
| 245 108 เรื่อง รู้จัก รู้รักษา มะเร็งทางเดินอาหารและมะเร็งตับ/^cบรรณาธิการ, สาริน กิจพาณิชย์, ชวลิต เลิศบุษยานุกูล | |||
| 250 พิมพ์ครั้งที่ 1 | |||
| 260 กรุงเทพฯ :^bศูนย์มะเร็งครบวงจร โรงพยาบาลจุฬาลงกรณ์ สภากาชาดไทย คณะแพทยศาสตร์ จุฬาลงกรณ์มหาวิทยาลัย,^c2565 | |||
| 300 157 หน้า :^bภาพประกอบ ;^c21 ซม. | |||
| 650 04 มะเร็งทางเดินอาหาร | |||
| 650 04 ^aตับ^xมะเร็ง | |||
| 650 04 ^aตับ, โรค^xการวินิจฉัยและการรักษา | |||
| 700 0 ^aสาริน กิจพาณิชย์,^eบรรณาธิการ | |||
| 700 0 ^aชวลิต เลิศบุษยานุกูล,^eบรรณาธิการ | |||
| 710 2 ^aจุฬาลงกรณ์มหาวิทยาลัย.^bคณะแพทยศาสตร์.^bสภากาชาดไทย.^bโรงพยาบาลจุฬาลงกรณ์^bศูนย์มะเร็งครบวงจร | |||
| 999 ^aใช้งานได้ทุกระบบ | |||
| คุณยังไม่ได้ล็อกอิน คุณสามารถมีกิจกรรมร่วมกับเว็บไซต์ได้ แต่ต้องล็อกอินก่อน :: |
|
| สถานะ | |||||||||
| 1. | การพยาบาล (ตำราหลัก) | WI700 ร192 2565 ฉ.2 | On Shelf ขอยืม | ||||||
| Note:จัดซื้อปีงบประมาณ 2566 | |||||||||
| 2. | การพยาบาล (ตำราหลัก) | WI700 ร192 2565 ฉ.3 | On Shelf ขอยืม | ||||||
| Note:จัดซื้อปีงบประมาณ 2566 | |||||||||
| 3. | การพยาบาล (ตำราหลัก) | WI700 ร192 2565 ฉ.4 | On Shelf ขอยืม | ||||||
| Note:จัดซื้อปีงบประมาณ 2566 | |||||||||
| 4. | การพยาบาล (ตำราหลัก) | WI700 ร192 2565 ฉ.5 | On Shelf ขอยืม | ||||||
| Note:จัดซื้อปีงบประมาณ 2566 | |||||||||
| 5. | การพยาบาล (ตำราหลัก) | WI700 ร192 2565 ฉ.1 | On Shelf ขอยืม | ||||||
| Note:จัดซื้อปีงบประมาณ 2566 | |||||||||
| [แสดง 5/5 รายการ] | |||||||||
BibComment |
| คอมเมนท์ทรัพยากรรายการนี้ |
|
|